000 00298nam a2200121Ia 4500
008 190216s9999||||xx |||||||||||||| ||und||
100 _aHussain Randathani
245 0 _aChrithramuthukal
260 _bPoomkavanam Books Publishers
_c1990
300 _a96
650 _aHistorical Novel
942 _cBK
999 _c22248
_d22248